Nové názory na stratigrafii spodního a středního miocénu Dolnomoravského úvalu a Pováží /

Main Author: Buday, Tibor, 1913-2001
Other Authors: Juránek, Jiří, Mišík, Milan, 1928-2011, Cicha, Ivan, 1932-2013
Language: Slovak
Published: Bratislava : Slovenská akadémia vied, 1956
Series: Geologické práce
Physical Description: 56 s., příl.
Language note: Německé a ruské resumé
Book
Saved in:
LEADER 01441nam a22003012a 4500
001 000425540
003 CZ BrMZK
005 20191008114829.0
007 ta
008 990305s1956 xo f f slo d
040 |a BOA001  |b cze 
041 0 |a slo  |b ger  |b rus 
100 1 |a Buday, Tibor,  |d 1913-2001  |7 jn99240000107  |4 aut 
245 1 0 |a Nové názory na stratigrafii spodního a středního miocénu Dolnomoravského úvalu a Pováží /  |c Tibor Buday, Ivan Cicha 
260 |a Bratislava :  |b Slovenská akadémia vied,  |c 1956 
300 |a 56 s., příl. 
490 1 |a Geologické práce ;  |v zoš. 43 
504 |a Obsahuje bibliografie 
505 2 0 |t Použitie ťažkých minerálov pre paleogeografický a stratigrafický výskum so zretel'om na neogén a kvartér Slovenska.  |t Sedimentárno-petrografické štúdium Poltárskej formácie /  |r Milan Mišík.  |g s. 59-139 --  |t Příspěvek k hydrogeochemii vnitrokarpatského paleogenu, mahurského a vnějšího flyšového pásma na území severovýchodního Slovenska /  |r Jiří Juránek.  |g s. 142-197 
546 |a Německé a ruské resumé 
700 1 |a Juránek, Jiří  |4 aut 
700 1 |a Mišík, Milan,  |d 1928-2011  |7 mzk2004236657  |4 aut 
700 1 |a Cicha, Ivan,  |d 1932-2013  |7 jk01020691  |4 aut 
830 0 |a Geologické práce 
910 |a BOA001  |b 2-0372.374 
990 |a BK 
991 |b 201410 
996 7 |b 2619795417  |c 2-0372.374  |l MZK  |r Sklad / do 24 hodin  |n 2  |w 000425540  |u 000010  |a 1  |e BOA001  |j MZK50  |s A